Statistiques concernant Êtes-vous rapide ? Test de rapidité az,by

Cliquez ici pour prendre le quiz!

Statistiques générales

  • Ce quiz a été pris 202 fois
  • Le résultat moyen est 10 sur 15

Statistiques - réponses

PaireRéponse% Correct
AzAz
100%
ByBy
96%
CxCx
93%
DwDw
92%
EvEv
89%
FuFu
84%
GtGt
81%
HsHs
76%
IrIr
74%
JqJq
61%
KpKp
52%
LoLo
46%
MnMn
39%
Bv !Bv
30%
Ft !Ft
15%

Distribution des résultats

Percentile par nombre de réponses

% des personnes avec chaque résultat

Votre développement - résultats

Vous n’avez pas pris ce quiz